|
|
|
|
| LEADER |
01433cas a2200205 a 4500 |
| 001 |
AALejournalIMF015176 |
| 008 |
230101c9999 xx r poo 0 0eng d |
| 020 |
|
|
|z 9781589066045
|
| 040 |
|
|
|a BD-DhAAL
|c BD-DhAAL
|
| 100 |
1 |
|
|a Mathisen, Johan.
|
| 245 |
1 |
0 |
|a Using the Balance Sheet Approach in Surveillance :
|b Framework and Data Sources and Availability /
|c Johan Mathisen, Anthony Pellechio.
|
| 264 |
|
1 |
|a Washington, D.C. :
|b International Monetary Fund,
|c 2007.
|
| 300 |
|
|
|a 1 online resource (46 pages)
|
| 500 |
|
|
|a <strong>Off-Campus Access:</strong> No User ID or Password Required
|
| 500 |
|
|
|a <strong>On-Campus Access:</strong> No User ID or Password Required
|
| 506 |
|
|
|a Electronic access restricted to authorized BRAC University faculty, staff and students
|
| 520 |
3 |
|
|a A distinguishing feature of emerging market crises in recent years has been the sudden disruption in the capital accounts of the economy. These crises have highlighted the need for closer attention to macroeconomic vulnerabilities in sectoral balance sheets. This book enhances application of the balance sheet approach to surveillance by taking advantage of new data sets that provide detailed, frequent, and timely financial statistics.
|
| 538 |
|
|
|a Mode of access: Internet
|
| 700 |
1 |
|
|a Pellechio, Anthony.
|
| 856 |
4 |
0 |
|z Full text available on IMF
|u http://elibrary.imf.org/view/books/071/07765-9781589066045-en/07765-9781589066045-en-book.xml
|z IMF e-Library
|